[Event "45th Olympiad 2024"]
[Site "Budapest HUN"]
[Date "2024.09.21"]
[Round "10.63"]
[Board "4"]
[White "Zerafa, Patrick"]
[Black "Al Mashikhi, Mohammed Alyan"]
[Result "1-0"]
[WhiteElo "1986"]
[BlackElo "1959"]
[PlyCount "75"]
[EventDate "2024.09.11"]
[WhiteTeam "Malta"]
[BlackTeam "Oman"]
[WhiteTeamCountry "MLT"]
[BlackTeamCountry "OMN"]

1. Nf3 Nf6 2. e3 d5 3. c4 c6 4. b3 Bg4 5. Bb2 e6 6. Nc3 Bd6 7. h3 Bh5 8. g4 Bg6 9. Nh4 Nbd7 10. Nxg6 hxg6 11. Bg2 dxc4 $146 ({RR} 11... Qe7 12. d4 g5 13. Qc2 Ba3 14. Bxa3 Qxa3 15. O-O Nf8 16. f4 gxf4 17. exf4 dxc4 18. bxc4 O-O-O 19. g5 Nh5 20. d5 cxd5 21. cxd5 Qc5+ 22. Qf2 Qxf2+ 23. Rxf2 exd5 24. Nxd5 Ne6 25. f5 Nxg5 26. h4 {½-½ Gholami,A (2295)-Pourramezanali,A (2430) Asia Nations Cup rapid 2018 (2)}) ({RR} 11... Qe7 12. Qc2 Ba3 13. g5 Ng8 14. h4 dxc4 15. bxc4 Ne5 16. Bxa3 Qxa3 17. Qe4 Nd7 18. Rb1 Nc5 19. Qc2 O-O-O 20. d4 Na6 21. Rb3 Qa5 22. Ke2 Ne7 23. Qb2 Rd7 24. Rb1 b6 25. Ra3 Qf5 26. Rxa6 {0-1 Antova,G (2235)-Kashefi,A (2193) Titled Tue 6th Feb Late 2024 (2)}) ({RR} 11... Qe7 12. Qc2 Nb6 13. d3 O-O-O 14. O-O-O Kb8 15. Kb1 Rc8 16. Qe2 Rhd8 17. g5 Ne8 18. h4 Ba3 19. Ba1 Qb4 20. h5 gxh5 21. Rxh5 Nd6 22. Rh4 Nf5 23. Rg4 d4 24. Ne4 Qa5 25. Ng3 dxe3 26. fxe3 {1-0 Gritsenko,N (2309)-Bach,N (2239) Titled Tuesday intern op 08th Sept blitz 2020 (1)}) 12. bxc4 Ne5 13. d3 Bb4 14. Ke2 Qc7 15. Qb3 Be7 16. a4 g5 17. a5 Ng6 18. a6 b6 19. Nb5 Qd7 20. Nd4 Rc8 21. Qa4 b5 22. cxb5 cxb5 23. Nxb5 O-O 24. Rhc1 Rfd8 25. Nd4 Qd6 26. Rxc8 Rxc8 27. Ba3 Qh2 28. Bb7 Nd5 29. Bxd5 exd5 30. Bxe7 Nxe7 31. Qd7 Rb8 32. Rc1 Qxh3 33. Qxe7 Rb2+ 34. Nc2 Qxg4+ 35. Kd2 Qf3 36. Qxa7 Qxf2+ 37. Kc3 d4+ 38. Kxb2 1-0

[Event "45th Olympiad 2024"]
[Site "Budapest HUN"]
[Date "2024.09.21"]
[Round "10.64"]
[Board "1"]
[White "Michaelides, Konstantinos"]
[Black "Ayyad, Husain"]
[Result "1-0"]
[WhiteElo "2297"]
[BlackElo "2129"]
[PlyCount "81"]
[EventDate "2024.09.11"]
[WhiteTeam "Cyprus"]
[BlackTeam "Bahrain"]
[WhiteTeamCountry "CYP"]
[BlackTeamCountry "BHN"]

1. d4 d5 2. c4 e6 3. Nf3 Nf6 4. g3 c5 5. Bg2 Nc6 6. O-O Be7 7. dxc5 Bxc5 8. cxd5 exd5 9. Qc2 Bb6 10. Nc3 O-O 11. Bg5 Be6 ({RR} 11... d4 12. Ne4 Bf5 13. Nfd2 Rc8 14. Qd1 Re8 15. Rc1 Qe7 16. Re1 Ba5 17. Nxf6+ gxf6 18. Bf4 Ne5 19. Qa4 Bb6 20. Qb5 Bd7 21. Qd5 Bc6 22. Qb3 Kg7 23. Bxc6 Nxc6 24. Qf3 Qe6 25. a3 Bc7 26. Rc5 {1-0 Stefansson,V (2464)-Karamsetty,J (2187) Reykjavik Open 2024 (2.22)}) 12. Na4 h6 13. Nxb6 axb6 14. Bd2 $146 ({RR} 14. Bxf6 Qxf6 15. Rfd1 d4 16. b3 Rfd8 17. Qb2 d3 18. Qxf6 gxf6 19. Rxd3 Rxd3 20. exd3 Bxb3 21. Rb1 Bc2 22. Rb2 Bxd3 23. Bf1 Bxf1 24. Kxf1 {½-½ Bilo,H-Soelter,R Ost Westfalen Lippe-ch 1976 (2)}) ({RR} 14. Bxf6 Qxf6 15. Qb3 Ra6 16. Rac1 d4 17. Qb5 Rxa2 18. Rc2 d3 19. exd3 Bg4 20. Qc4 Bxf3 21. Bxf3 Ne5 22. Qxa2 Nxf3+ 23. Kg2 Nd4 24. b4 Qf3+ 25. Kg1 Qxd3 26. Qc4 Qe4 27. Rd1 Nf3+ 28. Kh1 Nd4+ {½-½ Wojtaszek,R (2744)-Mamedov,R (2704) Gashimov Memorial 5th 2018 (4)}) ({RR} 14. Bxf6 Qxf6 15. Qb3 Ra6 16. Rfd1 Rfa8 17. a3 d4 18. Qd3 Bf5 19. Qb5 d3 20. exd3 Bg4 21. Qd5 Qxb2 22. h3 Be6 23. Qe4 Rxa3 24. Rab1 Qc2 25. Nd4 Nxd4 26. Qxd4 Qc5 27. Qxc5 bxc5 28. Bxb7 Rd8 {½-½ Kallai,G (2400)-Fogarasi,T Balatonbereny op 1986 (6)}) ({RR} 14. Bf4 Re8 15. b3 Qd7 16. Rfe1 Bh3 17. Bh1 Re4 18. Bd2 Rae8 19. Bc3 Qe6 20. Qd2 Rxe2 21. Rxe2 Qxe2 22. Bxf6 Qxd2 23. Nxd2 gxf6 24. Bxd5 Rd8 25. Ne4 Kg7 26. Nc3 b5 27. a3 Nd4 28. Rd1 Rc8 {½-½ Gledura,B (2512)-Lizak,P (2450) Budapest FS09 GM 2015 (5)}) 14... d4 15. Rfd1 Qe7 16. a3 b5 17. Re1 Rac8 18. Qd1 Bc4 19. b3 Be6 20. Qb1 Ra8 21. Qb2 Rfd8 22. Red1 Ne4 23. Be1 Nc5 24. Nd2 Na5 25. Rab1 Naxb3 26. Nxb3 Nxb3 27. Bb4 Qc7 28. Rd3 Qc4 29. Rxb3 Qxb3 30. Qxb3 Bxb3 31. Rxb3 Rd7 32. Be4 Rc8 33. Kg2 g6 34. Bd3 Rd5 35. Ba5 Ra8 36. Bd2 Kg7 37. Bxb5 g5 38. Bd3 Ra4 39. Bb4 f5 40. Rb1 Ra8 41. Rc1 1-0

[Event "45th Olympiad 2024"]
[Site "Budapest HUN"]
[Date "2024.09.21"]
[Round "10.64"]
[Board "2"]
[White "Ayyad, Maher"]
[Black "Antoniou, Rafail"]
[Result "0-1"]
[WhiteElo "1980"]
[BlackElo "2007"]
[PlyCount "98"]
[EventDate "2024.09.11"]
[WhiteTeam "Bahrain"]
[BlackTeam "Cyprus"]
[WhiteTeamCountry "BHN"]
[BlackTeamCountry "CYP"]

1. d4 Nf6 2. Nf3 e6 3. g3 c5 4. Bg2 cxd4 5. Nxd4 d5 6. O-O e5 7. Nf3 Nc6 ({RR} 7... e4 8. Nd4 Bc5 9. Bg5 Nbd7 10. Nc3 Nb6 11. a4 Be6 12. Nxe6 fxe6 13. Bh3 h6 14. Bxf6 Qxf6 15. e3 Qe5 16. a5 Nc4 17. b3 Nd6 18. Ne2 g5 19. c4 dxc4 20. b4 Bxb4 21. Qa4+ Qb5 22. Qxb5+ {1-0 Aronian,L (2773)-Ivanisevic,I (2614) EU-chT (Men) 17th 2009 (3)}) 8. b3 ({RR} 8. c4 Be6 9. Nc3 d4 10. Nd5 Nxd5 11. cxd5 Bxd5 12. e3 dxe3 13. Bxe3 f6 14. Qa4 Qc7 15. Rfd1 Be6 16. Rac1 Rc8 17. Bxa7 Be7 18. Bc5 O-O 19. Bxe7 Qxe7 20. a3 Rfd8 21. Qb5 Bg4 22. Rxd8+ Rxd8 {1-0 Figorito,N (2036)-Antoniou,R (2036) Titled Tue 30th Jan Late 2024 (7)}) 8... Bc5 ({RR} 8... Bd6 9. Bg5 O-O 10. Nc3 d4 11. Nd5 Be7 12. Nxe7+ Qxe7 13. e4 Rd8 14. Ne1 a5 15. Nd3 h6 16. Bxf6 Qxf6 17. f4 Qe7 18. Qh5 exf4 19. Rxf4 Be6 20. Raf1 Nb4 21. Ne5 Rf8 22. R1f2 f6 23. Ng6 {0-1 Alinasab,M (2351)-Gavrilescu,D (2523) Titled Tue 23rd Jan Early 2024 (3)}) 9. Bb2 Qe7 10. h3 $146 ({RR} 10. c3 O-O 11. b4 Bb6 12. b5 Na5 13. Ba3 Bc5 14. Bxc5 Qxc5 15. Nxe5 Qxb5 16. Nd2 Bf5 17. Nb3 Nxb3 18. axb3 Rfe8 19. Nf3 Be4 20. Nd4 Qc5 21. f3 Bg6 22. Qd2 a6 23. Kh1 Re7 24. Rfc1 Rd8 {0-1 Savant,R (1708)-Willenberg,C (2072) Commonwealth-ch RSA op 2011 (6)}) ({RR} 10. e3 O-O 11. Qc1 e4 12. Nd4 Ne5 13. Ba3 b6 14. Bxc5 bxc5 15. Qa3 Re8 16. Nb5 Bg4 17. N5c3 Nf3+ 18. Kh1 Qe5 19. Qxc5 Rac8 20. Qa5 Qh5 21. h4 Nxh4 22. gxh4 Qxh4+ 23. Kg1 Bf3 {0-1 Hvenekilde,J (2089)-Lund,S (2388) Politiken Cup 33rd 2011 (6)}) ({RR} 10. e3 Bg4 11. Qe1 h5 12. Nbd2 e4 13. Nd4 h4 14. gxh4 Nxd4 15. exd4 Bb6 16. f3 Bd7 17. fxe4 dxe4 18. Nxe4 Nxe4 19. Qxe4 Qxe4 20. Bxe4 O-O-O 21. Rxf7 Rxh4 22. Bg2 Bc7 23. h3 Bxh3 24. Bxh3+ Rxh3 {0-1 Mohd Afif,A-Mohd Afif,A 7th Johor Open 2022 (7.37)}) 10... O-O 11. e3 h6 12. c4 dxc4 13. bxc4 Rd8 14. Qb3 Bf5 15. Nc3 e4 16. Nh2 Na5 17. Qa4 Bb4 18. Nb5 Nc6 19. Nd4 Nxd4 20. Bxd4 Bc5 21. Bxc5 Qxc5 22. Rab1 Bd7 23. Qb3 b6 24. Rfd1 Be6 25. Bf1 Qh5 26. Rd4 Bxh3 27. Qd1 Qxd1 28. Rbxd1 Rxd4 29. exd4 Bxf1 30. Nxf1 Ng4 31. Ne3 Nxe3 32. fxe3 Rc8 33. Rc1 f5 34. Kf2 Kf7 35. Ke2 Kf6 36. a4 g5 37. Kd2 h5 38. Kc3 f4 39. exf4 gxf4 40. gxf4 Kf5 41. Rf1 h4 42. d5 h3 43. Kd4 h2 44. Rh1 Rh8 45. d6 Kxf4 46. a5 Kf3 47. axb6 axb6 48. Kd5 e3 49. d7 Kg2 0-1

[Event "45th Olympiad 2024"]
[Site "Budapest HUN"]
[Date "2024.09.21"]
[Round "10.64"]
[Board "3"]
[White "Savva, Panikos"]
[Black "Monther, Alfardan"]
[Result "0-1"]
[WhiteElo "1973"]
[BlackElo "1834"]
[PlyCount "88"]
[EventDate "2024.09.11"]
[WhiteTeam "Cyprus"]
[BlackTeam "Bahrain"]
[WhiteTeamCountry "CYP"]
[BlackTeamCountry "BHN"]

1. d4 d5 2. c4 e6 3. Nc3 Nf6 4. Bg5 Be7 5. e3 h6 6. Bh4 O-O 7. Nf3 Ne4 8. Bxe7 Qxe7 9. Rc1 Nxc3 10. Rxc3 Rd8 11. Qc2 c6 12. Bd3 Nd7 13. O-O e5 $146 ({RR} 13... dxc4 14. Bxc4 Nb6 15. Be2 Nd5 16. Rb3 a5 17. a3 a4 18. Rd3 e5 19. Rdd1 e4 20. Ne5 Bf5 21. Qd2 c5 22. Bc4 Rac8 23. Ba2 f6 24. dxc5 Qxe5 25. Bxd5+ Kh8 26. Qd4 Qxd4 27. Rxd4 Rxc5 28. Rfd1 {1-0 Tokman,A (2340)-Lopez,D (2127) ProAm 100 Ani FADA 2022 (8.37)}) 14. cxd5 cxd5 15. Bf5 exd4 16. Nxd4 Nb6 17. Rc1 Bxf5 18. Qxf5 Qe4 19. Rc7 Qxf5 20. Nxf5 Rab8 21. g3 Kf8 22. b3 Rbc8 23. Kf1 Rxc7 24. Rxc7 Rd7 25. Rc5 h5 26. a4 g6 27. Nd4 Ke7 28. Ke2 a6 29. Kd3 Kd6 30. Rc2 Rc7 31. Rxc7 Kxc7 32. f4 Kd6 33. Nf3 Nd7 34. b4 a5 35. bxa5 Nc5+ 36. Kd4 Nb3+ 37. Kc3 Nxa5 38. Kb4 Nc4 39. e4 dxe4 40. Ng5 Nd2 41. Kc3 f6 42. Nh7 Nb1+ 43. Kd4 Ke7 44. Kxe4 Nc3+ 0-1

[Event "45th Olympiad 2024"]
[Site "Budapest HUN"]
[Date "2024.09.21"]
[Round "10.64"]
[Board "4"]
[White "Shaker, Musab"]
[Black "Kefalas, Loukas"]
[Result "0-1"]
[WhiteElo "1757"]
[BlackElo "1912"]
[PlyCount "60"]
[EventDate "2024.09.11"]
[WhiteTeam "Bahrain"]
[BlackTeam "Cyprus"]
[WhiteTeamCountry "BHN"]
[BlackTeamCountry "CYP"]

1. d4 d5 2. Nf3 Nf6 3. Bf4 c5 4. e3 Nc6 5. c3 Qb6 6. Qb3 c4 7. Qc2 Bf5 8. Qc1 h6 ({RR} 8... Nh5 9. Bg3 e6 10. Nbd2 Nxg3 11. hxg3 h6 12. Be2 Be7 13. Bd1 Qc7 14. Bc2 O-O 15. e4 dxe4 16. Nxe4 Rad8 17. Qf4 Qxf4 18. gxf4 b5 19. a3 f6 20. O-O Rd5 21. Rfe1 g5 22. fxg5 hxg5 23. Re2 {0-1 Kamsky,G (2714)-Carlsen,M (2714) Wch Blitz 2nd 2007 (23)}) 9. Be2 e6 10. Nbd2 ({RR} 10. O-O Nh5 11. Be5 f6 12. Bg3 Nxg3 13. fxg3 Bd6 14. Nh4 Bh7 15. Bh5+ Kd7 16. Nd2 g5 17. Nhf3 Bd3 18. Rf2 Rhf8 19. Ne1 Bh7 20. g4 Rac8 21. Nef3 e5 22. b4 cxb3 23. axb3 exd4 24. exd4 Kc7 {0-1 Hirneise,J (2277)-Donchenko,A (2679) Titled Tue 26th Sep Early 2023 (1)}) 10... Rc8 11. Bd1 $146 ({RR} 11. h3 Be7 12. O-O O-O 13. Re1 Qa5 14. Bd1 b5 15. a3 Qd8 16. Bc2 Bd6 17. Bxd6 Qxd6 18. a4 b4 19. e4 Nxe4 20. Bxe4 Bxe4 21. Nxe4 dxe4 22. Rxe4 Ne7 23. Ne5 Nd5 24. Rg4 Kh8 25. Rg3 Rc7 {1-0 Harutyunian,T (2063)-Svane,R (2208) Wch U14 Porto Carras 2010 (10)}) ({RR} 11. O-O Nh5 12. Be5 Be7 13. h3 Bg6 14. Bh2 Nf6 15. Re1 O-O 16. Bf1 Qd8 17. Ne5 Nxe5 18. Bxe5 Nd7 19. Bh2 b5 20. a3 Nb6 21. e4 dxe4 22. Nxe4 Na4 23. g4 f5 24. Ng3 fxg4 25. hxg4 Bg5 {0-1 Roumegous,M (2239)-Leconte,M (2283) FRA-ch (Women) 2001 (10)}) ({RR} 11. O-O Be7 12. b3 cxb3 13. axb3 O-O 14. Qb2 a5 15. h3 Ra8 16. Ra4 Rfc8 17. Rfa1 Qd8 18. Ne5 Nxe5 19. Bxe5 Nd7 20. Bg3 b6 21. Rc1 Bf6 22. Bb5 e5 23. Raa1 exd4 24. cxd4 Nc5 25. Rc3 Bd7 {½-½ Meduna,E (2470)-Jirovsky,M (2420) CZE Czechia-ch 1993 (4)}) 11... Be7 12. Bc2 Bxc2 13. Qxc2 O-O 14. O-O Qd8 15. e4 b5 16. e5 Nd7 17. g4 f5 18. gxf5 Rxf5 19. Be3 Qe8 20. Kh1 Qf7 21. Rg1 Qh5 22. Rg3 Rcf8 23. Rag1 R8f7 24. Rg6 Rxf3 25. Bxh6 Rh3 26. Rxg7+ Rxg7 27. Rxg7+ Kf8 28. Rg6+ Kf7 29. Rg7+ Ke8 30. Rg8+ Nf8 0-1

[Event "45th Olympiad 2024"]
[Site "Budapest HUN"]
[Date "2024.09.21"]
[Round "10.65"]
[Board "1"]
[White "De Mey, Juan Pablo"]
[Black "Allam, Mohamed"]
[Result "1-0"]
[WhiteElo "1992"]
[BlackElo "2053"]
[PlyCount "35"]
[EventDate "2024.09.11"]
[WhiteTeam "Aruba"]
[BlackTeam "Palestine"]
[WhiteTeamCountry "ARN"]
[BlackTeamCountry "PLE"]

1. Nf3 d5 2. d4 e6 3. Bf4 Bd6 4. e3 Bxf4 5. exf4 Qd6 6. Qd2 ({RR} 6. Qc1 b6 7. c3 Ba6 8. Bxa6 Nxa6 9. Na3 Ne7 10. Nc2 c5 11. g3 Rc8 12. O-O O-O 13. Re1 Rc7 14. Qd2 b5 15. a3 Qb6 16. Kg2 Rfc8 17. Re2 h6 18. h4 cxd4 19. Ncxd4 Nc5 20. g4 a5 {1-0 Grischuk,A (2732)-Rakhmanov,A (2614) Chessable Masters Div 3 W 2024 (2.5)}) 6... Qb6 $146 ({RR} 6... Ne7 7. Bd3 Nd7 8. g3 c5 9. c3 Nf6 10. Qe2 a6 11. O-O O-O 12. Ne5 cxd4 13. cxd4 Qb6 14. Rd1 Nf5 15. Nf3 Bd7 16. Nc3 g6 17. h3 Bc6 18. Rac1 Rac8 19. Bb1 Ne4 20. g4 Nxc3 21. Rxc3 {½-½ Vieweger,T (1902)-Backmann,H (1720) Ruhrgebiet Verbandsklasse Gruppe 1 1819 2018 (9.5)}) ({RR} 6... Nf6 7. c3 b6 8. Bd3 O-O 9. O-O c5 10. g3 Ba6 11. Bxa6 Nxa6 12. Qd3 Nb8 13. Nbd2 Nc6 14. Rfe1 Rac8 15. Rad1 Rc7 16. h4 cxd4 17. Nxd4 Nxd4 18. Qxd4 Qc5 19. Qd3 b5 20. a3 a5 21. Nb3 {1-0 Bharath,S (2515)-Molina,R (2376) Titled Tue 6th Feb Early 2024 (11)}) ({RR} 6... b6 7. Bb5+ c6 8. Bd3 a5 9. O-O Ba6 10. g3 Ne7 11. c3 Bxd3 12. Qxd3 Nd7 13. Ne5 O-O 14. Nd2 Rfc8 15. Rfe1 Nf8 16. Re2 c5 17. Ndf3 c4 18. Qc2 f6 19. Ng4 b5 20. Rae1 b4 21. h4 {½-½ Flajsman,P (1956)-Folkova,M (2030) 29th Klatovy Open 2023 (6.17)}) ({RR} 6... Nf6 7. Nc3 c6 8. Bd3 b6 9. O-O O-O 10. Rfe1 Ba6 11. Bxa6 Nxa6 12. Ne5 Nc7 13. Re3 c5 14. Rae1 b5 15. dxc5 Qxc5 16. Rh3 Nce8 17. Qd3 b4 18. Nb5 Rd8 19. Nd4 Nd6 20. c3 Nde4 21. Nec6 {0-1 Draganic,V (2319)-Batricevic,J (2139) MNT-chT Niksic 2016 (2.5)}) 7. c3 Ne7 8. Bd3 Bd7 9. Qe2 c5 10. dxc5 Qxc5 11. Ne5 O-O 12. Nd2 Ng6 13. Bxg6 hxg6 14. h4 Qe7 15. h5 g5 16. Ng6 fxg6 17. hxg6 Be8 18. Rh8+ 1-0

[Event "45th Olympiad 2024"]
[Site "Budapest HUN"]
[Date "2024.09.21"]
[Round "10.65"]
[Board "2"]
[White "Seder, Mohammed"]
[Black "Stetsenko, Ilya"]
[Result "0-1"]
[WhiteElo "2116"]
[BlackElo "1903"]
[PlyCount "100"]
[EventDate "2024.09.11"]
[WhiteTeam "Palestine"]
[BlackTeam "Aruba"]
[WhiteTeamCountry "PLE"]
[BlackTeamCountry "ARN"]

1. e4 c6 2. Nc3 d5 3. Nf3 dxe4 4. Nxe4 Nf6 5. Qe2 Nxe4 6. Qxe4 Nd7 7. Bc4 Nf6 8. Ne5 e6 9. Qe2 b5 10. Bb3 Qc7 11. d4 Bd6 12. Bg5 ({RR} 12. O-O O-O 13. c3 Bb7 14. Nd3 Bxh2+ 15. Kh1 Bd6 16. Bc2 c5 17. dxc5 Bxc5 18. Nxc5 Qxc5 19. Be3 Qh5+ 20. Qxh5 Nxh5 21. a4 a6 22. Rad1 Bd5 23. Bd3 bxa4 24. c4 Bc6 25. Bc2 Rfd8 26. Ra1 Rdb8 {0-1 Seder,M (2077)-Ovetchkin,R (2518) Titled Tue 12th Sep Early 2023 (4)}) 12... a5 13. a4 $146 ({RR} 13. c3 a4 14. Bc2 Nd5 15. O-O a3 16. Bc1 axb2 17. Bxb2 O-O 18. Rfe1 Bb7 19. Qh5 f5 20. Bb3 c5 21. g3 c4 22. Bc2 b4 23. cxb4 Nxb4 24. Rac1 Bxe5 25. Rxe5 Qc6 26. d5 Nxd5 27. Qg5 Nf4 {0-1 Garcia Gallardo,V (2075)-Comellas Blanchart,J (1985) TCh-CAT Gp1 2024 (5.9)}) ({RR} 13. c3 Ba6 14. O-O Nd5 15. Bc2 c5 16. Bd3 O-O 17. Bd2 cxd4 18. cxd4 Qb7 19. Qe4 f5 20. Qe2 Bxe5 21. Qxe5 Rf6 22. a3 b4 23. Bxa6 Rxa6 24. axb4 axb4 25. Rxa6 Qxa6 26. Bxb4 h6 27. Qb8+ Kh7 {1-0 Vachier Lagrave,M (2784)-Carlsen,M (2862) Chess.com Speed blitz 2020 (3.26)}) 13... b4 14. Nc4 Be7 15. O-O Nd5 16. Bxe7 Qxe7 17. Ne5 Ba6 18. Bc4 Bxc4 19. Qxc4 Rc8 20. Rad1 O-O 21. Qc5 Qc7 22. Nc4 Ra8 23. Nd2 Nb6 24. b3 Nd7 25. Qg5 c5 26. dxc5 Nxc5 27. Nc4 Rfd8 28. Qe5 Qxe5 29. Nxe5 Kf8 30. f3 Ke8 31. Kf2 Nb7 32. Nc4 Ke7 33. Ke2 Nd6 34. Ne3 Rd7 35. Rd3 Rc8 36. Rfd1 Rcc7 37. h4 h6 38. Rc1 g6 39. Rcd1 f6 40. f4 h5 41. Kf3 Nf5 42. Nxf5+ gxf5 43. Rxd7+ Rxd7 44. Rxd7+ Kxd7 45. Ke3 Kd6 46. Kd4 e5+ 47. Kc4 Kc6 48. g3 Kd6 49. Kb5 Kd5 50. Kxa5 Kc5 0-1

[Event "45th Olympiad 2024"]
[Site "Budapest HUN"]
[Date "2024.09.21"]
[Round "10.65"]
[Board "3"]
[White "Croes, Octavio"]
[Black "Michel Yunis, Christian D."]
[Result "0-1"]
[WhiteElo "1850"]
[BlackElo "2220"]
[PlyCount "74"]
[EventDate "2024.09.11"]
[WhiteTeam "Aruba"]
[BlackTeam "Palestine"]
[WhiteTeamCountry "ARN"]
[BlackTeamCountry "PLE"]

1. d4 Nf6 2. c4 e6 3. Nf3 Bb4+ 4. Bd2 c5 5. g3 Qb6 6. a3 Bxd2+ 7. Qxd2 Nc6 8. e3 cxd4 9. exd4 Ne4 10. Qc2 d5 11. c5 Qa5+ 12. Nbd2 b6 $146 ({RR} 12... e5 13. O-O-O Bg4 14. Nxe4 dxe4 15. Qxe4 Bxf3 16. Qxf3 Nxd4 17. Qc3 Qxc3+ 18. bxc3 Nb3+ 19. Kc2 Nxc5 20. Rd5 Ne6 21. Rxe5 Rc8 22. Bh3 Rc6 23. Rb1 b6 24. Rbe1 O-O 25. Bxe6 fxe6 26. f4 Rfc8 27. R1e3 {½-½ Vazquez,F (2167)-Rodriguez Vila,A (2480) Timbues op 2019 (6)}) ({RR} 12... e5 13. dxe5 Bg4 14. b4 Nxb4 15. Qb2 Nc2+ 16. Qxc2 Bxf3 17. Rg1 Rc8 18. Bg2 Bxg2 19. Rxg2 O-O 20. f3 Nxc5 21. Kf1 Qb5+ 22. Re2 Ne4 {0-1 Cavalcanti,F (2151)-Leitao,R (2636) BRA-ch 81st Joao Pessoa 2015 (5)}) 13. Rc1 bxc5 14. dxc5 Rb8 15. Bd3 Nxd2 16. Nxd2 e5 17. O-O Nd4 18. Qc3 Qxc3 19. bxc3 Ne6 20. Rfe1 f6 21. Rb1 Rxb1 22. Rxb1 Nxc5 23. Bb5+ Ke7 24. c4 d4 25. Bc6 Kd6 26. Bg2 Bd7 27. f4 Re8 28. fxe5+ fxe5 29. Ne4+ Nxe4 30. Bxe4 Bc6 31. c5+ Kc7 32. Bxh7 e4 33. Kf2 Rh8 34. Bg6 Rxh2+ 35. Kg1 Rh3 36. Kg2 Rh6 37. Bf5 e3+ 0-1

[Event "45th Olympiad 2024"]
[Site "Budapest HUN"]
[Date "2024.09.21"]
[Round "10.65"]
[Board "4"]
[White "Abdel Wahab, Ahmad"]
[Black "Antonio, Kyell-Jean"]
[Result "1-0"]
[WhiteElo "1995"]
[BlackElo "1763"]
[PlyCount "62"]
[EventDate "2024.09.11"]
[WhiteTeam "Palestine"]
[BlackTeam "Aruba"]
[WhiteTeamCountry "PLE"]
[BlackTeamCountry "ARN"]

1. d4 Nf6 2. c4 e6 3. e3 d5 4. Nf3 Nbd7 5. Bd3 c6 6. O-O dxc4 7. Bxc4 b5 8. Bd3 Bb7 9. Nbd2 ({RR} 9. a4 b4 10. Nbd2 c5 11. Qe2 Be7 12. Rd1 O-O 13. a5 Rc8 14. Nc4 cxd4 15. exd4 Nd5 16. a6 Ba8 17. Nfe5 N7f6 18. Bg5 h6 19. Bd2 Nb6 20. Nxb6 Qxb6 21. Be3 Bd5 22. Rac1 b3 23. h3 Rfd8 {1-0 Fressinet,L (2693)-Korobov,A (2679) EU-ch 13th Plovdiv 2012 (9)}) 9... a6 10. a4 Be7 ({RR} 10... b4 11. Nc4 c5 12. b3 cxd4 13. Nxd4 Be7 14. Bb2 Nc5 15. Be2 O-O 16. Bf3 Bxf3 17. Qxf3 Qd5 18. Nc6 Rae8 19. N4a5 Qxf3 20. gxf3 Nd5 21. Rac1 Nd3 22. Rc2 Nxb2 23. Rxb2 Bf6 24. Rd2 Rc8 25. Rc1 {1-0 Bykov,E (2424)-Shevchuk,O (2093) Titled Tue 23rd Apr Late 2024 (6)}) 11. Qc2 $146 ({RR} 11. Nb3 b4 12. Qe2 a5 13. Rd1 Qb6 14. e4 Rc8 15. Be3 Ng4 16. Rac1 Nxe3 17. Qxe3 O-O 18. Nc5 Nxc5 19. dxc5 Qa7 20. Bb1 Rcd8 21. Re1 Qb8 22. e5 Rd5 23. Ba2 Rd7 24. Red1 Rxd1+ 25. Rxd1 Qa7 {1-0 Ter Minasjan,D (2346)-Schlander,S (2136) Bayern-chI Bank Hofmann 4th 2000 (3)}) ({RR} 11. e4 bxa4 12. e5 Nd5 13. Ne4 h6 14. Qxa4 O-O 15. Bd2 c5 16. dxc5 Bxc5 17. Rfc1 Qe7 18. b4 N7b6 19. Qa5 Bxb4 20. Bxb4 Qxb4 21. Nd6 Qxa5 22. Rxa5 Nb4 23. Be2 Bxf3 24. Bxf3 N6d5 25. Rca1 Rfb8 {½-½ Kostin,S (2225)-Khalikov,N RUS-ch U18 Kolontaevo 1998}) ({RR} 11. Qe2 O-O 12. e4 Rc8 13. e5 Nd5 14. Ne4 N7b6 15. Nc5 Ba8 16. axb5 cxb5 17. Nxa6 Nc4 18. b3 Na5 19. Nc5 Nc3 20. Bxh7+ Kh8 21. Qc2 b4 22. Be3 Bxf3 23. gxf3 Bxc5 24. dxc5 g6 25. Bxg6 fxg6 {1-0 Demac,E (1807)-Falao,R (1541) NOR-chT Clubs 2008 (2)}) 11... O-O 12. Nb3 Qb6 13. Ne5 h6 14. Nxd7 Nxd7 15. Bd2 b4 16. a5 Qd8 17. Be4 Rb8 18. Rfd1 c5 19. Bxb7 Rxb7 20. dxc5 Bxc5 21. Nxc5 Qc7 22. Rdc1 Rc8 23. Nxb7 Qxc2 24. Rxc2 Rxc2 25. Bxb4 Rxb2 26. Nc5 Rxb4 27. Nxd7 Rb5 28. Kf1 f6 29. Ke2 Kf7 30. Ra2 Ke7 31. Nb6 Rg5 1-0

[Event "45th Olympiad 2024"]
[Site "Budapest HUN"]
[Date "2024.09.21"]
[Round "10.66"]
[Board "1"]
[White "Tissir, Mohamed"]
[Black "Al-Hajiri, Bader"]
[Result "1-0"]
[WhiteElo "2355"]
[BlackElo "1947"]
[PlyCount "95"]
[EventDate "2024.09.11"]
[WhiteTeam "Morocco"]
[BlackTeam "Kuwait"]
[WhiteTeamCountry "MAR"]
[BlackTeamCountry "KUW"]

1. e4 e5 2. Nf3 Nc6 3. Bc4 Nf6 4. d3 d5 5. exd5 Nxd5 6. O-O Nb6 7. Bb3 Bg4 8. h3 Bh5 9. Re1 Qe7 10. c3 O-O-O 11. Qe2 f6 12. a4 a5 13. Na3 $146 ({RR} 13. Nbd2 Bf7 14. Bxf7 Qxf7 15. Ne4 Kb8 16. Be3 Nd5 17. Reb1 h6 18. b4 f5 19. Nc5 Nxc3 20. Qb2 Nxb1 21. Rxb1 Nxb4 22. Nxe5 Qd5 23. Nc4 Bxc5 24. Nxa5 Bxe3 25. Qxb4 Bb6 26. Nc4 Qc5 27. Qb2 Qxf2+ {0-1 Vidal del Rio,M (2098)-Kujawski,A (2173) Titled Tue 30th May Late 2023 (9)}) 13... g5 14. Nb5 Kb8 15. d4 g4 16. Nh2 exd4 17. Qxe7 Bxe7 18. hxg4 Bg6 19. Bf4 Na8 20. cxd4 Nxd4 21. Rxe7 Nxb3 22. Nxc7 Rd4 23. Bg3 Nxc7 24. Rxc7 Ka7 25. Re1 Rxa4 26. f4 Be4 27. Re7 Bc6 28. R1e6 Ra1+ 29. Be1 Ka6 30. Rxf6 Rb1 31. Nf3 Rxb2 32. Bc3 Rb1+ 33. Kh2 Rg8 34. Ne5 Kb5 35. Rxh7 Be4 36. Rh5 Ka4 37. Rh3 Rc1 38. Re3 Ka3 39. Bxa5 Bc6 40. Bc3 Bd5 41. Rd6 Rd1 42. g5 Ra8 43. g6 b5 44. f5 b4 45. Be1 Rh8+ 46. Kg3 Rh5 47. Nd3 Rxf5 48. Ra6+ 1-0

[Event "45th Olympiad 2024"]
[Site "Budapest HUN"]
[Date "2024.09.21"]
[Round "10.66"]
[Board "2"]
[White "Al Ibrahim, Abdulrahman"]
[Black "Elbilia, Jacques"]
[Result "1/2-1/2"]
[WhiteElo "1932"]
[BlackElo "2343"]
[PlyCount "66"]
[EventDate "2024.09.11"]
[WhiteTeam "Kuwait"]
[BlackTeam "Morocco"]
[WhiteTeamCountry "KUW"]
[BlackTeamCountry "MAR"]

1. e4 e5 2. Nf3 Nc6 3. Bb5 a6 4. Ba4 Nf6 5. d3 b5 6. Bb3 Bc5 7. Nc3 d6 8. Nd5 h6 9. c3 Be6 10. Nxf6+ Qxf6 11. O-O O-O 12. Bxe6 fxe6 13. b4 Bb6 14. a4 Ne7 15. Be3 Ng6 16. axb5 $146 ({RR} 16. d4 exd4 17. cxd4 bxa4 18. Rxa4 Nf4 19. Bxf4 Qxf4 20. Qd3 g5 21. e5 Qf5 22. Qxf5 Rxf5 23. exd6 cxd6 24. h3 h5 25. Rfa1 g4 26. hxg4 hxg4 27. Rxa6 Rb8 28. Ra8 Rff8 29. Rxb8 Rxb8 30. Ng5 Bxd4 {½-½ Tiviakov,S (2519)-L'Ami,E (2635) ch-NED KO 2024 (2.2)}) 16... axb5 17. Rxa8 Rxa8 18. Bxb6 cxb6 19. Qe2 Rc8 20. Rc1 Kh7 21. Qe3 Rc6 22. d4 Qd8 23. g3 Rc4 24. dxe5 Nxe5 25. Nxe5 dxe5 26. Ra1 Qc7 27. Ra3 Qb7 28. f3 Rc8 29. Kg2 Rd8 30. Ra2 Rd6 31. Rd2 Qd7 32. Rxd6 Qxd6 33. h4 Kg6 1/2-1/2